| 000 | 00329nam a22001217a 4500 | ||
|---|---|---|---|
| 008 | 160428b xxu||||| |||| 00| 0 eng d | ||
| 020 | _a9780838581742 | ||
| 020 | _a0838581748 | ||
| 041 | _aeng | ||
| 080 | _a618.2 | ||
| 245 |
_aPhoto guide of nursing skills: _cSandra F. Smith; Donna J. Duell; Barbara C. Martin; |
||
| 942 |
_2udc _cBK |
||
| 999 |
_c1656 _d1656 |
||